The collaborative art of filmmaking : (Record no. 28073)

MARC details
000 -LEADER
fixed length control field 02355cam a22003255i 4500
001 - CONTROL NUMBER
control field 20593967
003 - CONTROL NUMBER IDENTIFIER
control field EG-ScBUE
005 - DATE AND TIME OF LATEST TRANSACTION
control field 20200212152921.0
008 - FIXED-LENGTH DATA ELEMENTS--GENERAL INFORMATION
fixed length control field 180717s2019 enk f b 001 0 eng d
020 ## - INTERNATIONAL STANDARD BOOK NUMBER
International Standard Book Number 9780815382997 (softcover)
040 ## - CATALOGING SOURCE
Original cataloging agency LBSOR/DLC
Language of cataloging eng
Description conventions rda
Transcribing agency LBSOR
Modifying agency DLC
-- EG-ScBUE
082 04 - DEWEY DECIMAL CLASSIFICATION NUMBER
Classification number 791.430232
Item number SEG
Edition number 22
100 1# - MAIN ENTRY--PERSONAL NAME
Personal name Seger, Linda,
Relator term author.
245 14 - TITLE STATEMENT
Title The collaborative art of filmmaking :
Remainder of title from script to screen /
Statement of responsibility, etc Linda Seger.
250 ## - EDITION STATEMENT
Edition statement Third edition.
264 #1 - PUBLICATION, DISTRIBUTION, ETC. (IMPRINT)
Place of publication, distribution, etc Abingdon, oxon ;
-- New York :
Name of publisher, distributor, etc Routledge / Taylor & Francis Group :
-- A Focal Press Book / Taylor & Francis Group,
Date of publication, distribution, etc 2019.
300 ## - PHYSICAL DESCRIPTION
Extent xvi, 220 pages ;
Dimensions 25 cm
336 ## - CONTENT TYPE
Content type term text
Content type code txt
Source rdacontent
337 ## - MEDIA TYPE
Media type term unmediated
Media type code n
Source rdamedia
338 ## - CARRIER TYPE
Carrier type term volume
Carrier type code nc
Source rdacarrier
500 ## - GENERAL NOTE
General note "First and Second edition by Linda Seger and Edward Jay Whetmore"-- Cover title.
504 ## - BIBLIOGRAPHY, ETC. NOTE
Bibliography, etc Includes bibliographical references and index.
505 0# - FORMATTED CONTENTS NOTE
Formatted contents note Doing the write thing -- The producer and the long run -- The director : from vision to action -- The actor and "the kindness of strangers" -- Behind the scenes : ready on the set -- The editor : a way of seeing -- The composer : translating emotions -- The audience : the last collaborator.
520 ## - SUMMARY, ETC.
Summary, etc "The Collaborative Art of Filmmaking: From Script to Screen explores what goes into the making of Hollywood's greatest motion pictures. Join veteran script consultant Linda Seger as she examines contemporary and classic screenplays on their perilous journey from script to screen. This fully revised and updated edition includes interviews with over 80 well-known artists in their fields including writers, producers, directors, actors, editors, composers, and production designers. Their discussions about the art and craft and filmmaking - including how and why they make their decisions - provides filmmaking and screenwriting students and professionals with the ultimate guide to creating the best possible 'blueprint' for a film and to also fully understand the artistic and technical decisions being made by all those involved in the process"--
Assigning source Provided by publisher.
650 #7 - SUBJECT ADDED ENTRY--TOPICAL TERM
Topical term or geographic name as entry element Motion pictures
General subdivision Production and direction.
Source of heading or term BUEsh
653 ## - INDEX TERM--UNCONTROLLED
Resource For college Communication and mass media
Arrived date list February2020
942 ## - ADDED ENTRY ELEMENTS (KOHA)
Source of classification or shelving scheme Dewey Decimal Classification
Koha item type Book - Borrowing
Holdings
Withdrawn status Lost status Source of classification or shelving scheme Damaged status Not for loan Collection code Home library Current library Shelving location Date acquired Source of acquisition Cost, normal purchase price Serial Enumeration / chronology Total Checkouts Total Renewals Full call number Barcode Date last seen Date checked out Cost, replacement price Price effective from Koha item type
    Dewey Decimal Classification     Baccah Central Library Central Library Second Floor 12/02/2020 Purchase 750.00 34025 1 13 791.430232 SEG 000048617 15/07/2025 28/11/2020 937.50 12/02/2020 Book - Borrowing